Calcium, oxygen radicals, and cellular damage / (Record no. 3798)

000 -LEADER
fixed length control field 01302cam a2200289 a 4500
003 - CONTROL NUMBER IDENTIFIER
control field ALUPE UNIVERSITY
005 - DATE AND TIME OF LATEST TRANSACTION
control field 20220210110927.0
008 - FIXED-LENGTH DATA ELEMENTS--GENERAL INFORMATION
fixed length control field 910501s1991 enka b 101 0 eng
020 ## - INTERNATIONAL STANDARD BOOK NUMBER
International Standard Book Number 0521380685 (hardback)
040 ## - CATALOGING SOURCE
Transcribing agency ALUPE UNIVERSITY
050 00 - LIBRARY OF CONGRESS CALL NUMBER
Classification number RB152
Item number .C35 1991
245 00 - TITLE STATEMENT
Title Calcium, oxygen radicals, and cellular damage /
Statement of responsibility, etc. edited by C.J. Duncan.
260 ## - PUBLICATION, DISTRIBUTION, ETC.
Place of publication, distribution, etc. Cambridge [England] ;
-- New York :
Name of publisher, distributor, etc. Cambridge University Press,
Date of publication, distribution, etc. c1991.
300 ## - PHYSICAL DESCRIPTION
Extent x, 224 p. :
Other physical details ill. ;
Dimensions 24 cm.
500 ## - GENERAL NOTE
General note "Proceedings of a symposium of the Cell Biology Section of the Society for Experimental Biology, held at Warwick University in March 1990"--Pref.
504 ## - BIBLIOGRAPHY, ETC. NOTE
Bibliography, etc. note Includes bibliographical references and index.
650 #0 - SUBJECT ADDED ENTRY--TOPICAL TERM
Topical term or geographic name entry element Pathology, Molecular
General subdivision Congresses.
650 #0 - SUBJECT ADDED ENTRY--TOPICAL TERM
Topical term or geographic name entry element Calcium
General subdivision Toxicology
-- Congresses.
650 #0 - SUBJECT ADDED ENTRY--TOPICAL TERM
Topical term or geographic name entry element Active oxygen
General subdivision Toxicology
-- Congresses.
650 #0 - SUBJECT ADDED ENTRY--TOPICAL TERM
Topical term or geographic name entry element Diseases
General subdivision Causes and theories of causation
-- Congresses.
700 1# - ADDED ENTRY--PERSONAL NAME
Personal name Duncan, C. J.
Fuller form of name (Christopher John)
710 2# - ADDED ENTRY--CORPORATE NAME
Corporate name or jurisdiction name as entry element Society for Experimental Biology (Great Britain).
Subordinate unit Cell Biology Section.
830 #0 - SERIES ADDED ENTRY--UNIFORM TITLE
Volume/sequential designation 46.
906 ## - LOCAL DATA ELEMENT F, LDF (RLIN)
a 7
b cbc
c orignew
d 1
e ocip
f 19
g y-gencatlg
942 ## - ADDED ENTRY ELEMENTS (KOHA)
Source of classification or shelving scheme
Koha item type Book
Suppress in OPAC WO
Holdings
Withdrawn status Lost status Source of classification or shelving scheme Damaged status Not for loan Permanent Location Current Location Shelving location Date acquired Source of acquisition Total Checkouts Full call number Barcode Date last seen Price effective from Koha item type Public note
          AU LIBRARY AU LIBRARY Open Shelf 10.02.2022 DONATION FROM MOI UNIVERSITY   RB152 .C35 1991 28002231 10.02.2022 10.02.2022 Book WO

Powered by Koha